| 000 | 00487nam a22001337a 4500 | ||
|---|---|---|---|
| 005 | 20241211090814.0 | ||
| 008 | 240923b ||||| |||| 00| 0 eng d | ||
| 100 |
_aUreta, Remedios A. _eauthor. _918721 |
||
| 245 |
_aStress at work and its causes / _cRemedios A. Ureta. |
||
| 260 |
_aPhilippines; _bPublishers Association of the Philippines, Inc., _cMarch 2018. |
||
| 300 |
_aVolume 66, pages 382-384, _billustration. |
||
| 700 |
_aUreta, Remedios A. _eauthor. _918721 |
||
| 942 |
_2ddc _cPER |
||
| 999 |
_c21754 _d21754 |
||